000 00354nam a2200121Ia 4500
008 240731s9999 xx 000 0 und d
022 _a2165-0586
245 0 _aBioacoustics : The International Journal of Animal Sound and its Recording
260 _bTaylor & Francis
856 _uhttps://www.tandfonline.com/loi/tbio20
942 _2ddc
942 _cTFEJ
999 _c75604
_d75604
945 _a1
_bMadushi Gamage
_c1
_dMadushi Gamage